[Event "Dortmund Sparkassen op-B 47th"]
[Site "Dortmund"]
[Date "2019.07.16"]
[Round "4"]
[White "Schacht, Juergen"]
[Black "Heiduk, Christopher"]
[Result "1/2-1/2"]
[WhiteElo "1533"]
[BlackElo "1449"]
[PlyCount "66"]
[EventDate "2019.07.13"]
[EventType "swiss"]
[EventRounds "9"]
[EventCountry "GER"]
[SourceTitle "CBM 192 Extra"]
[Source "Chessbase"]
[SourceDate "2019.11.06"]
[SourceVersion "1"]
[SourceVersionDate "2019.11.06"]
[SourceQuality "1"]

1. f4 d5 2. Nf3 Nf6 3. e3 c5 4. b3 Nc6 5. Bb5 Bd7 6. Bb2 a6 7. Bxc6 Bxc6 8. Ne5 Bd7 9. 0-0 e6 10. d3 b5 11. Nd2 Be7 12. Ndf3 h6 13. Qe2 Bc8 14. Nc6 Qd7 15. Nxe7 Qxe7 16. Ne5 Bb7 17. Rf2 Rg8 18. a4 b4 19. Raf1 a5 20. f5 Nd7 21. fxe6 Nxe5 22. Bxe5 Qxe6 23. Bg3 f6 24. Qf3 0-0-0 25. Qf5 Qxf5 26. Rxf5 Rge8 27. R5f3 Re6 28. Re1 Rde8 29. Bf2 Kd7 30. g4 Kd6 31. h4 g5 32. h5 Kd7 33. Rf5 Kd6 1/2-1/2